| 000 -LEADER |
| fixed length control field |
00949nam a2200229 a 4500 |
| 001 - CONTROL NUMBER |
| control field |
:::00012660$&:&@@ |
| 003 - CONTROL NUMBER IDENTIFIER |
| control field |
OkBaRHE |
| 005 - DATE AND TIME OF LATEST TRANSACTION |
| control field |
20000607103421.0 |
| 008 - FIXED-LENGTH DATA ELEMENTS--GENERAL INFORMATION |
| fixed length control field |
g 000 0 eng u |
| 040 ## - CATALOGING SOURCE |
| Transcribing agency |
|
| 100 1# - MAIN ENTRY--PERSONAL NAME |
| Personal name |
Pierson, Arthur T. (Arthur Tappan), 1837-1911. |
| 9 (RLIN) |
507 |
| 245 10 - TITLE STATEMENT |
| Title |
George Muller of Bristol: |
| Remainder of title |
and his witness to a prayer hearing God. |
| 260 ## - PUBLICATION, DISTRIBUTION, ETC. (IMPRINT) |
| Place of publication, distribution, etc |
Old Tappan, NJ., : |
| Name of publisher, distributor, etc |
Fleming H. Revell Co. |
| Date of publication, distribution, etc |
nd |
| 300 ## - PHYSICAL DESCRIPTION |
| Extent |
462 p. ; |
| Dimensions |
21 cm. |
| 650 ## - SUBJECT ADDED ENTRY--TOPICAL TERM |
| Topical term or geographic name as entry element |
Christian Biography |
| General subdivision |
England |
| 9 (RLIN) |
508 |
| 650 ## - SUBJECT ADDED ENTRY--TOPICAL TERM |
| Topical term or geographic name as entry element |
Muller, George, 1805-1898. |
| 9 (RLIN) |
509 |
| 650 ## - SUBJECT ADDED ENTRY--TOPICAL TERM |
| Topical term or geographic name as entry element |
Orphanages |
| General subdivision |
England |
| -- |
Bristol (Avon) |
| -- |
History |
| 9 (RLIN) |
510 |
| 650 ## - SUBJECT ADDED ENTRY--TOPICAL TERM |
| Topical term or geographic name as entry element |
Social Reformers |
| General subdivision |
England |
| -- |
Biography |
| 9 (RLIN) |
511 |
| 942 ## - ADDED ENTRY ELEMENTS (KOHA) |
| Source of classification or shelving scheme |
|
| Koha item type |
Books |